00853nam a2200229Ia 4500003000900000008004100009020001800050040001600068080001900084100002400103245017300127260004800300300001500348650001500363650002500378650001900403650003200422650002100454942000700475999001500482952012600497IN-BaIIA211028s9999 xx 000 0 eng d a0-521-25461-2 cIIA Library a551.510.5bBUD aBudden, K. G.93894 4aThe propagation of radio wavesbthe theory of radio waves of low power in the ionosphere and magnetospherecK. G. Budden  aCambridgebCambridge University Pressc1985 axvi, 669p. aIonosphere aMagnetospheres98024 aNASA Thesaurus aRadiowave propagation97760 aRadiowaves92866 cBK c8636d8636 00104070aBANbBANcGENd1986-03-21g1092.00l0o551.510.5/ BUDp9509r2021-11-05v1092.00w1986-03-21yBKGRs. 1092.00